000 00810nam a2200205 a 4500
003 0
005 20250429130804.0
008 970114s19uu xx 00 eng d
050 _aPGS BF 723.E6
_b.B352 2003
100 _aBautista, Camille Francesca C.
245 _aThe feelings of the grade six students of Southville International School towards high school life /
_cCamille Francesca C. Bautista.
260 _aLas PiƱas City, Philippines :
_bSouthville International School and Colleges,
_c2003.
300 _a21 pages :
_bcolored illustrations ;
_c28 cm.
504 _aIncludes bibliographical references.
650 _aEmotions in adolescence.
650 _aEducation, Elementary
_vStudents' transition.
650 _aStudents
_vAttitudes.
650 _aAdolescent psychology.
942 _2lcc
_cPASS
999 _c96835
_d96835